| 000 | 00465pab a2200169 454500 | ||
|---|---|---|---|
| 008 | 180718b2003 xxu||||| |||| 00| 0 eng d | ||
| 100 | _aLeblang, David | ||
| 245 | _aExplaining wars fought by established democracies: do institutional constraints matter? | ||
| 260 | _c2003 | ||
| 300 | _ap.385-400. | ||
| 362 | _aDec | ||
| 650 | _aWar | ||
| 650 | _aInternational relations | ||
| 700 | _aChan, Steve | ||
| 773 | _aPolitical Research Quarterly | ||
| 909 | _a59513 | ||
| 999 |
_c59513 _d59513 |
||